00875nam a22002297a 4500003000900000008004100009020001800050040007100068082002000139100001800159245014400177260006500321300004600386500002800432650002500460650002300485650002800508650001600536650002200552700002200574710004900596AR-CdUCM190311b ||||| |||| 00| 0 spa d a9786123171490 aMUNICIPALIDAD PROVINCIAL DEL CUSCOcBIBLIOTECA MUNICIPAL DEL CUSCO a306.44/R91bR91 aRubina, Celia aEl Perú a través de sus discursos :coralidad, textos e imágenes desde una perspectiva semiótica /bCelia Rubina y Lilian Kanashiro aLima :bPontificia Universidad Católica del Perú,c2015. a298 páginas. :bilustraciones ;c21 cm. zIncluye bibliografías aSociolingüística aLenguaje y cultura aAnálisis del discurso aSemiótica aAspectos sociales aKanashiro, Lilian aPontificia Universidad Católica del Perú